| 000 | 01221cad a22002055a 4500 | ||
|---|---|---|---|
| 001 | L143332 | ||
| 008 | 080428e2008 xxk f 000 0 eng d | ||
| 035 | _a(Sirsi) u143332 | ||
| 041 | 0 | _aeng | |
| 110 | 2 |
_aHome Builders Federation _94896 |
|
| 245 | 0 | 0 |
_aSurvey shows home builders delivering customer satisfaction _h[electronic resource] |
| 260 | _c2008 | ||
| 490 |
_aHome Builders Federation Press Release _v23 April 2008 |
||
| 520 | _aThe HBF's third annual customer satisfaction survey reveals that 75% of new home buyers would recommend their home builder to a friend and 76% were satisfied with the quality of their new home. In addition, 72% thought their builder was very or fairly good in relation to completing their home on time and 72% were satisfied with the condition of their home on move in day. Home builders' service after buyers had moved saw the weakest results in the survey, along with home buyers reporting more defects than expected. | ||
| 590 | _aKA NTK | ||
| 651 | 4 |
_aUnited Kingdom _y |
|
| 690 | _aBUILT ENVIRONMENT | ||
| 856 | 4 | 0 |
_uhttps://www.hbf.co.uk/Survey-Shows-Home-Builders-Delivering-Customer-Satisfaction-5a9f69a _zView the item free of charge at www.hbf.co.uk... |
| 942 | _n0 | ||
| 999 |
_c80142 _d80142 |
||